Austria perspektiv (Record no. 5962)

MARC details
000 -LEADER
fixed length control field 00480nas a22001937i 4500
001 - CONTROL NUMBER
control field 6375
003 - CONTROL NUMBER IDENTIFIER
control field OSt
005 - DATE AND TIME OF LATEST TRANSACTION
control field 20170126082355.0
007 - PHYSICAL DESCRIPTION FIXED FIELD--GENERAL INFORMATION
fixed length control field tu
008 - FIXED-LENGTH DATA ELEMENTS--GENERAL INFORMATION
fixed length control field 161220s xxu||||| |||| 00| 0 d
024 7# - OTHER STANDARD IDENTIFIER
Standard number or code 6375
Source of number or code RID
024 7# - OTHER STANDARD IDENTIFIER
Standard number or code 6375
Source of number or code RSN (alt)
040 ## - CATALOGING SOURCE
Transcribing agency OSt
110 2# - MAIN ENTRY--CORPORATE NAME
Corporate name or jurisdiction name as entry element Austria perspektiv - Ein Institut der Österreichischen Wirtschaft
245 00 - TITLE STATEMENT
Title Austria perspektiv
260 ## - PUBLICATION, DISTRIBUTION, ETC.
Place of publication, distribution, etc. Wien.
490 ## - SERIES STATEMENT
Series statement Austria perspektiv
500 00 - GENERAL NOTE
General note laufender Jg. vorh. (unvollständig)
942 ## - ADDED ENTRY ELEMENTS (KOHA)
Koha item type Journal
Holdings
Withdrawn status Lost status Damaged status Not for loan Home library Current library Shelving location Date acquired Inventory number Total Checkouts Barcode Date last seen Price effective from Koha item type
        WIIW WIIW Library 09/21/2004 6375   10002788 01/26/2017 01/26/2017 Journal
The Vienna Instiute for International Economic Studies (wiiw)